Brooklyn 99 - von wem stammt das Zitat? - Statistiken

Allgemein
  • Dieses Quiz wurde 1.147 mal gespielt
  • Das Durchschnittsergebnis liegt bei 9 aus 15
Antwortstatistiken
Frage Antwort % Korrekt
Wenn ich sterbe, verwandle meine Tweets in ein Buch. Gina Linetti
98%
Captain Wuntch. Schön sie zu shen, aber wenn sie hier sind wer bewacht dann die Hölle? Captain Raymond Holt
89%
Hier zwei Fotos. Eins zeigt ihren Spind, das andere stammt von einer Müllkippe auf den Philippinen. Können sie die zwei Fotos vielleicht zuordnen? Captain Raymond Holdt
88%
Wir haben Mörder gesprengt; wir haben Kartelle ausgeschaltet. Aber heute stehen wir dem Schlimmsten gegenüber, was New York zu bieten hat – der Feuerwehr. Jake Peralta
86%
Die Würze ist alles Charles Boyle
85%
Jacob Peralta ist mein bester Detective. Er buchtet gern böse Jungs ein und er steht darauf Rätsel zu knacken. Es gibt nur ein Rätsel, dass er noch nicht geknackt hat - wie man erwachsen wird. Seargent Terry Jeffords
82%
Der Arzt sagte, meine Blutung sei innerlich. Dort soll das Blut sein. Jake Peralta
69%
Jeder, der über sechs Jahre alt ist und einen Geburtstag feiert, sollte zur Hölle fahren. Rosa Diaz
57%
Wie groß ist hier die Bandbreite des WLANs? Wir haben viele Inhalte zum Streamen. Jake Peralta
43%
Nun, niemand hat dich gefragt. Es ist eine Selbsteinschätzung. Michael Hitchcock
41%
Ich habe eine Bohne gegessen. Es schmeckte wie Fischerbrochenes. Das war es für mich. Sergeant Terry Jeffords
38%
Es war etwas weniger eklig, als ich es erwartet habe Gina Linetti
35%
Wischen wir also das Blut auf und machen weiter Captain Raymont Holt
34%
Ich hab gedacht du nimmst dir frei und machst deine Wäsche? Norm Scully
31%
Als ich dich aus Versehen angelächelt hab, hast du mir einen Laserpointer ins Auge gehalten und Perversling geschrien Norm Scully
29%
Keine übereinstimmenden Quizze gefunden
Verteilung der Resultate
Anzahl Personen mit jedem Resultat
Perzentil nach korrekt beantworteten Fragen
Ihre Resultats-Entwicklung
Sie haben dieses Quiz noch nicht gespielt